000 00385nam a2200169Ia 4500
001 9666
003 IN-NITTTR
005 20251114233050.0
008 251113s9999||||xx |||||||||||||| ||eng||
040 _beng
040 _cIN-NITTTR
041 _aeng
082 _a531 G57C
100 _aGoldstein, Herbert
245 0 _aClassical mechanics /
_cGoldstein, Herbert
942 _2ddc
_cBK
999 _c12303
_d12303